Staaten anhand der Form erraten #4 - Statistiken

Allgemein
  • Dieses Quiz wurde 61 mal gespielt
  • Das Durchschnittsergebnis liegt bei 8 aus 12
Antwortstatistiken
Bildquiz Antwort % Korrekt
Norwegen
98%
Großbritannien
91%
Vietnam
87%
Somalia
82%
Kasachstan
69%
Mosambik
62%
Sambia
62%
Ungarn
62%
Taiwan
60%
Costa Rica
51%
Zentralafrikanische Republik
44%
Uruguay
35%
Keine übereinstimmenden Quizze gefunden
Verteilung der Resultate
Anzahl Personen mit jedem Resultat
Perzentil nach korrekt beantworteten Fragen
Ihre Resultats-Entwicklung
Sie haben dieses Quiz noch nicht gespielt